[Event "www.ChessWorld.net server game"]
[Site "www.ChessWorld.net "]
[Date "2007.11.23"]
[Round "NA"]
[White "Not quite such a Fat Bloke"]
[Black "joselito"]
[Result "0-1"]
[Termination "White resigned"]
[WhiteElo "1625"]
[BlackElo "1489"]
[Mode "ICS"]
[DateLastMove "2007.12.16"]
[Board "4335185"]

1.e4 e5 2.Nf3 Nc6 3.Bb5 Bc5 4.Bxc6 dxc6 5.d3 Qe7 6.Nc3 Nf6 7.Bg5 O-O 8.O-O h6 9.Bh4 Qe6 10.h3 Nh5 11.Nd2 Qg6 12.Nc4 Bxh3 13.Qf3 Nf4 14.Nxe5 Qxg2+ 15.Qxg2 Bxg2 16.Rfe1 Bh3 17.Nd7 Bxd7 18.Bg3 Nh3+ 19.Kf1 Bd4 20.f4 h5 21.f5 g6 22.Kg2 Ng5 23.fxg6 Bh3+ 24.Kh2 fxg6 25.e5 Bg4 26.Ne4 Nf3+ 27.Kg2 Nxe1+ 28.Rxe1 Bxb2 29.Nf6+ Kh8 30.Nxg4 hxg4 31.e6 Rac8 32.e7 Rfe8 33.c4 b6 34.Re6 c5 35.Bh4 Kh7 36.Kg3 a6 37.Kxg4 Kg7 38.Kf4 Kf7 39.Re2 Rh8 40.Bg5 Bf6 41.Bxf6 Kxf6 42.a3 Rce8 43.a4 g5+ 44.Kg4 Rh4+ 45.Kg3 Rxe7 46.Rxe7 Kxe7 {White resigned} 0-1

[Event "www.ChessWorld.net server game"]
[Site "www.ChessWorld.net "]
[Date "2007.11.23"]
[Round "NA"]
[White "bluemike5102"]
[Black "joselito"]
[Result "0-1"]
[Termination "White resigned"]
[WhiteElo "1558"]
[BlackElo "1549"]
[Mode "ICS"]
[DateLastMove "2008.1.22"]
[Board "4335191"]

1.e4 e5 2.Nc3 Nf6 3.Nf3 Bb4 4.Nd5 Nxd5 5.exd5 d6 6.c3 Bc5 7.b4 Bb6 8.a4 a5 9.bxa5 Bxa5 10.Bb5+ Nd7 11.d4 Bxc3+ 12.Bd2 Bxa1 13.Qxa1 O-O 14.dxe5 Qe7 15.Bg5 Qe8 16.Nd4 Qxe5+ 17.Be3 Qxd5 18.O-O Ne5 19.f3 Nc6 20.Rd1 Qh5 21.Bxc6 Qg6 22.Be4 f5 23.Bd5+ Kh8 24.Rf1 f4 25.Bd2 Bh3 26.Rf2 Rae8 27.Bxb7 c5 28.Nb5 Bd7 29.Qc3 Bxb5 30.axb5 Qb1+ 31.Bc1 Qxb5 32.Bb2 Rf7 33.Bd5 Rfe7 34.Bc4 Qb4 35.Qc1 Re1+ 36.Qxe1 Rxe1+ 37.Bf1 h5 38.h3 Kh7 39.Kh2 Qb6 40.Bc3 Rc1 41.Bd2 Rc2 42.Bd3+ Kh6 43.Bxf4+ g5 44.Bxg5+ Kxg5 45.Bxc2 d5 46.f4+ Kf6 47.g4 h4 48.g5+ Kg7 49.f5 c4 50.f6+ Kf8 51.Rf3 Qd6+ 52.Kg2 Qe5 53.g6 Qg5+ 54.Kf2 Qd2+ 55.Kg1 Qxc2 56.f7 Qxg6+ 57.Kf1 Qe4 58.Kg2 Qc2+ 59.Kf1 Qd2 60.Rf2 Qe3 61.Re2 Qxh3+ 62.Ke1 Qf3 63.Kd1 Kxf7 64.Ke1 h3 65.Rf2 Qxf2+ 66.Kxf2 c3 67.Ke1 h2 68.Kd1 h1=Q+ 69.Kc2 Qf3 70.Kc1 Qe2 {White resigned} 0-1

[Event "www.ChessWorld.net server game"]
[Site "www.ChessWorld.net "]
[Date "2008.1.6"]
[Round "NA"]
[White "Mbeerman"]
[Black "joselito"]
[Result "0-1"]
[Termination "White king mated"]
[WhiteElo "1668"]
[BlackElo "1542"]
[Mode "ICS"]
[DateLastMove "2008.1.16"]
[Board "4486969"]

1.d4 g6 2.e4 Bg7 3.Nf3 e6 4.Be3 d6 5.Nc3 h6 6.Bc4 Nf6 7.h3 b6 8.Qe2 Bb7 9.O-O Nbd7 10.d5 e5 11.b4 a6 12.a4 O-O 13.Qd2 Re8 14.Bxh6 Kf8 15.Bg5 a5 16.b5 Nc5 17.Qe1 Qd7 18.Bxf6 Bxf6 19.Qe3 Kg7 20.Ne2 Rh8 21.Ng3 Be7 22.Nd2 Bh4 23.Be2 Qe7 24.Bg4 Bg5 25.Qf3 Bxd2 26.Nh5+ gxh5 27.Bxh5 Qf6 28.Qe2 Qg5 29.Bg4 Bc8 30.Bxc8 Raxc8 31.Rfd1 Rcg8 32.Rxd2 Rxh3 33.f3 Qg3 34.Qf2 Qh2+ 35.Kf1 Qh1+ 36.Qg1 Rh2 37.Kf2 Qxg1+ 38.Rxg1 Nxa4 39.Rd3 Nc5 40.Rc3 Kf6 41.Kf1 a4 42.Kf2 Ke7 43.Kf1 Ra8 44.Ra3 f6 45.Kf2 Rhh8 46.g4 Rh2+ 47.Rg2 Rah8 48.Ra2 Kd7 49.Rxh2 Rxh2+ 50.Ke3 Ke7 51.Rb2 Kf7 52.Ra2 Kg6 53.Rb2 Kg5 54.Ra2 Kh4 55.f4 Kxg4 56.fxe5 fxe5 57.Rb2 Rh3+ 58.Kd2 Nxe4+ 59.Ke2 Nc3+ 60.Kd2 Nxd5 61.Ra2 Nc3 62.Ra3 Nb1+ 63.Kc1 Nxa3 64.Kb2 Nxb5 65.c4 a3+ 66.Ka2 Kf4 67.cxb5 Ke4 68.Ka1 Rh2 69.Kb1 Kd3 70.Ka1 Kc3 71.Kb1 Kb3 72.Ka1 Rh1+ {White king mated} 0-1

[Event "www.ChessWorld.net server game"]
[Site "www.ChessWorld.net "]
[Date "2008.1.6"]
[Round "NA"]
[White "midget88"]
[Black "joselito"]
[Result "0-1"]
[Termination "White resigned"]
[WhiteElo "1414"]
[BlackElo "1532"]
[Mode "ICS"]
[DateLastMove "2008.1.16"]
[Board "4486973"]

1.e4 e5 2.Bc4 Nf6 3.d3 Bb4+ 4.c3 Bc5 5.Nh3 h6 6.b4 Bb6 7.O-O c6 8.Ba3 d5 9.exd5 Qd6 10.b5 c5 11.Re1 Bc7 12.d4 e4 13.Bxc5 Qxh2+ 14.Kf1 Bg4 15.Rxe4+ Nxe4 16.Qxg4 Qh1+ 17.Ke2 Nxc5 18.Qc8+ Bd8 19.Qxc5 Nd7 20.Qd6 Be7 21.Qf4 Qxg2 22.d6 O-O 23.dxe7 Rfe8 24.Bxf7+ Kh8 25.Bxe8 Rxe8 26.Qf7 Qe4+ 27.Kf1 Rxe7 28.Qb3 Qh1+ 29.Ng1 Nf6 30.Nd2 Nh5 31.Re1 Rxe1+ 32.Kxe1 Qxg1+ 33.Ke2 Nf4+ 34.Ke3 Nd5+ 35.Qxd5 a5 36.Nf3 Qc1+ 37.Kd3 Qb1+ 38.Ke3 Qc1+ 39.Ke4 Qxc3 40.Qb3 Qc7 41.Ne5 g5 42.Qf7 Qc2+ 43.Nd3 Qe2+ 44.Kd5 Qxa2+ {White resigned} 0-1

[Event "www.ChessWorld.net server game"]
[Site "www.ChessWorld.net "]
[Date "2007.5.4"]
[Round "NA"]
[White "joselito"]
[Black "likewoods"]
[Result "0-1"]
[Termination "White king mated"]
[WhiteElo "1194"]
[BlackElo "1504"]
[Mode "ICS"]
[DateLastMove "2007.5.19"]
[Board "3677092"]

1.e4 c5 2.Bc4 Nc6 3.Nf3 e6 4.O-O Nge7 5.c3 g6 6.d4 b6 7.Bg5 Bg7 8.e5 O-O 9.Bxe7 Qxe7 10.Nbd2 d6 11.exd6 Qxd6 12.Ng5 cxd4 13.Be2 dxc3 14.bxc3 Bb7 15.Qc1 Qe5 16.Nge4 Ne7 17.Bf3 Bxe4 18.Nxe4 Rac8 19.Ng5 Bh6 20.h4 f6 21.Qa3 Nf5 22.Qxa7 fxg5 23.Rad1 Qc7 24.Qxc7 Rxc7 25.hxg5 Bxg5 26.Bg4 Rxc3 27.Bxf5 exf5 28.Rfe1 Rfc8 29.Rd7 Rc1 30.Kf1 Rxe1+ 31.Kxe1 b5 32.Rb7 Ra8 33.Rxb5 Rxa2 34.Rb8+ Kg7 35.Rb7+ Kh6 36.g3 f4 37.g4 Bh4 38.Kf1 Rxf2+ 39.Ke1 Rb2+ 40.Kf1 Rxb7 41.Kg2 Rb3 42.g5+ Kxg5 43.Kh2 f3 44.Kg1 f2+ 45.Kg2 Rb1 46.Kh2 Bg3+ 47.Kxg3 f1=Q 48.Kh2 Rb2+ 49.Kg3 Qg2+ {White king mated} 0-1

[Event "www.ChessWorld.net server game"]
[Site "www.ChessWorld.net "]
[Date "2007.5.5"]
[Round "NA"]
[White "joselito"]
[Black "Simonpeers"]
[Result "0-1"]
[Termination "White resigned"]
[WhiteElo "1249"]
[BlackElo "1490"]
[Mode "ICS"]
[DateLastMove "2007.5.21"]
[Board "3679331"]

1.e4 e5 2.Bc4 Nc6 3.Qh5 g6 4.Qf3 Nf6 5.Nh3 Bc5 6.O-O Nd4 7.Qd3 O-O 8.Ng5 c6 9.c3 h6 10.cxd4 Bxd4 11.Bxf7+ Rxf7 12.Nxf7 Kxf7 13.Qc4+ d5 14.exd5 Nxd5 15.d3 h5 16.Bg5 Qd7 17.Nd2 b5 18.Qb3 Qg4 19.Ne4 Ke6 20.g3 Bd7 21.Nc5+ Bxc5 22.Bd2 Qf3 23.Rac1 Kd6 24.d4 Qxb3 25.Rxc5 Qxb2 26.Bg5 exd4 27.Rcc1 Rf8 28.Rce1 Bh3 29.Rb1 Qxa2 30.Rbd1 c5 31.Ra1 Qc4 32.Rfe1 b4 33.Be7+ Nxe7 34.Rac1 Qa2 35.Ra1 Qxf2+ {White resigned} 0-1

[Event "www.ChessWorld.net server game"]
[Site "www.ChessWorld.net "]
[Date "2007.5.5"]
[Round "NA"]
[White "joselito"]
[Black "Loco 76"]
[Result "0-1"]
[Termination "White resigned"]
[WhiteElo "1382"]
[BlackElo "1704"]
[Mode "ICS"]
[DateLastMove "2007.6.19"]
[Board "3679667"]

1.e4 a6 2.Nf3 Nc6 3.Bc4 e6 4.O-O d6 5.Bb3 b5 6.d3 Na5 7.Nc3 Nxb3 8.axb3 b4 9.Ne2 e5 10.c3 d5 11.Bg5 Qd6 12.cxb4 f6 13.Bh4 d4 14.Ng3 Qxb4 15.Qc1 Ra7 16.Qd1 Bg4 17.Nf5 Bxf3 18.gxf3 Ne7 19.Nxe7 Bxe7 20.Qc2 O-O 21.Kg2 h5 22.h3 g5 23.Bg3 Rb7 24.Rxa6 Qxb3 25.Qxb3+ Rxb3 26.Rfa1 Rxb2 27.h4 g4 28.fxg4 hxg4 29.Ra7 Bd6 30.Bh2 f5 31.exf5 Rd2 32.Ra8 Rxa8 33.Rxa8+ Kf7 34.h5 Rxd3 35.Rh8 Kg7 36.Ra8 Rh3 37.Re8 Rxh5 38.Re6 Rxf5 {White resigned} 0-1

[Event "www.ChessWorld.net server game"]
[Site "www.ChessWorld.net "]
[Date "2007.5.5"]
[Round "NA"]
[White "joselito"]
[Black "Ketchum"]
[Result "0-1"]
[Termination "White king mated"]
[WhiteElo "1180"]
[BlackElo "1735"]
[Mode "ICS"]
[DateLastMove "2007.5.16"]
[Board "3680648"]

1.e4 e5 2.Nf3 Nc6 3.Bb5 d6 4.Bxc6+ bxc6 5.O-O Bg4 6.c4 Nf6 7.Nc3 Be7 8.Qa4 Qd7 9.d4 Bxf3 10.gxf3 O-O 11.dxe5 dxe5 12.Re1 Qh3 13.Bg5 Qxf3 14.Qxc6 Qg4+ 15.Kf1 Qxg5 16.Qxc7 Ng4 17.Ke2 Nxh2 18.Nd5 Qg4+ 19.Kd3 Rfd8 20.Rg1 Qf3+ 21.Kc2 Qxf2+ 22.Kb3 Rab8+ 23.Nb4 Bxb4 24.Rad1 Bd6+ 25.Qxb8 Rxb8+ 26.Kc3 Qxb2+ 27.Kd3 Qd4+ 28.Kc2 Rb2+ 29.Kc1 Qc3+ {White king mated} 0-1

[Event "www.ChessWorld.net server game"]
[Site "www.ChessWorld.net "]
[Date "2007.5.7"]
[Round "NA"]
[White "joselito"]
[Black "Matty Boy"]
[Result "0-1"]
[Termination "White king mated"]
[WhiteElo "886"]
[BlackElo "1134"]
[Mode "ICS"]
[DateLastMove "2007.5.12"]
[Board "3685630"]

1.e4 e5 2.Nf3 Nc6 3.Bb5 Nh6 4.Bxc6 bxc6 5.O-O d5 6.Nxe5 dxe4 7.d3 e3 8.Bxe3 Qf6 9.Bxh6 Qxe5 10.Be3 Bd6 11.Nd2 Qxh2+ {White king mated} 0-1

[Event "www.ChessWorld.net server game"]
[Site "www.ChessWorld.net "]
[Date "2007.5.8"]
[Round "NA"]
[White "joselito"]
[Black "cosey"]
[Result "0-1"]
[Termination "White king mated"]
[WhiteElo "1277"]
[BlackElo "1291"]
[Mode "ICS"]
[DateLastMove "2007.5.30"]
[Board "3689971"]

1.e4 e5 2.Nf3 d6 3.Bc4 Nf6 4.O-O Be7 5.d4 O-O 6.dxe5 dxe5 7.Bg5 Nxe4 8.Bxe7 Qxe7 9.Re1 Nd6 10.Bd3 Nd7 11.Nbd2 g6 12.Ne4 Nf6 13.Nxd6 Qxd6 14.Ng5 Kg7 15.Qf3 Bg4 16.Qxb7 Nd7 17.Ne4 Qb6 18.Qd5 Be6 19.Qxa8 Rxa8 20.b3 Nc5 21.Ng5 Nxd3 22.cxd3 f6 23.Nf3 Rd8 24.Red1 a5 25.Rab1 g5 26.h3 h6 27.a3 Bxb3 28.Nd2 a4 29.Nxb3 axb3 30.d4 Rxd4 31.a4 Rxa4 32.Rd7+ Kg6 33.g3 b2 34.g4 Ra1 35.Rxa1 bxa1=Q+ 36.Kg2 Qc6+ 37.Kh2 Qah1+ 38.Kg3 Qhg2+ {White king mated} 0-1

[Event "www.ChessWorld.net server game"]
[Site "www.ChessWorld.net "]
[Date "2007.5.10"]
[Round "NA"]
[White "joselito"]
[Black "Dan Payne"]
[Result "0-1"]
[Termination "White resigned"]
[WhiteElo "1150"]
[BlackElo "1783"]
[Mode "ICS"]
[DateLastMove "2007.5.15"]
[Board "3695663"]

1.e4 e5 2.Nf3 Nc6 3.Bb5 a6 4.Bxc6 dxc6 5.O-O Bg4 6.d3 Bc5 7.h3 Bh5 8.Nc3 f6 9.g4 Bg6 10.Be3 Bb6 11.Bxb6 cxb6 12.Nh4 Bf7 13.Nf5 Ne7 14.Nxg7+ Kf8 15.Nf5 Nxf5 16.exf5 Qd4 17.Qd2 h6 18.Ne2 Qd6 19.f3 Kg7 20.Ng3 Qd4+ 21.Kg2 Qxb2 22.h4 Qd4 23.Ne4 Qd7 24.g5 Qxf5 25.gxf6+ Kh7 26.Ng3 Qxf6 27.Rg1 Bd5 28.Qe3 b5 29.Nh5 Rhg8+ 30.Kf2 Qxh4+ 31.Ng3 Raf8 32.Qxe5 Rxf3+ 33.Ke2 Qh2+ 34.Rg2 Qxg2+ {White resigned} 0-1

[Event "www.ChessWorld.net server game"]
[Site "www.ChessWorld.net "]
[Date "2007.5.10"]
[Round "NA"]
[White "joselito"]
[Black "Gary1972"]
[Result "0-1"]
[Termination "White resigned"]
[WhiteElo "1167"]
[BlackElo "1570"]
[Mode "ICS"]
[DateLastMove "2007.5.19"]
[Board "3695671"]

1.e4 e5 2.Nf3 Qf6 3.Bc4 Bc5 4.O-O d6 5.Qe2 Nc6 6.c3 Bg4 7.d3 O-O-O 8.Qe1 Bxf3 9.gxf3 Qxf3 10.Nd2 Qg4+ 11.Kh1 f6 12.Rg1 Qd7 13.Nf3 g5 14.Be3 Bxe3 15.fxe3 Kb8 16.d4 h5 17.Bd5 Nge7 18.c4 exd4 19.Nxd4 Nxd5 20.exd5 Nxd4 21.exd4 c6 22.Rf1 f5 23.Kg1 cxd5 24.cxd5 Rde8 25.Qd2 g4 26.a4 Qf7 27.Rac1 Qxd5 28.Qc3 Rc8 29.Qb4 Rxc1 30.Rxc1 a5 31.Rc3 axb4 {White resigned} 0-1

[Event "www.ChessWorld.net server game"]
[Site "www.ChessWorld.net "]
[Date "2007.5.12"]
[Round "NA"]
[White "joselito"]
[Black "tiger266467"]
[Result "0-1"]
[Termination "White resigned"]
[WhiteElo "1180"]
[BlackElo "1324"]
[Mode "ICS"]
[DateLastMove "2007.5.19"]
[Board "3702907"]

1.e4 e5 2.Nf3 Nf6 3.Nc3 Bb4 4.Nxe5 O-O 5.Bc4 Qe7 6.Nf3 Bxc3 7.bxc3 Nxe4 8.O-O d6 9.d3 Nf6 10.Bg5 Be6 11.Bxe6 fxe6 12.Re1 h6 13.Bxf6 Rxf6 14.d4 d5 15.Qb1 b6 16.Qb5 a6 17.c4 axb5 18.Ne5 bxc4 19.Ng4 Rf4 20.c3 Rxg4 21.a4 Nc6 22.h3 Rg6 23.g3 Rf8 24.f4 Rxg3+ 25.Kf2 Qh4 26.Ke2 Qxh3 27.Kd2 Rg2+ 28.Re2 Qd3+ 29.Kc1 Qxe2 {White resigned} 0-1

[Event "www.ChessWorld.net server game"]
[Site "www.ChessWorld.net "]
[Date "2007.5.13"]
[Round "NA"]
[White "joselito"]
[Black "elchori"]
[Result "0-1"]
[Termination "White resigned"]
[WhiteElo "1294"]
[BlackElo "1675"]
[Mode "ICS"]
[DateLastMove "2007.5.23"]
[Board "3706470"]

1.e4 e5 2.Nf3 d6 3.Bc4 a6 4.O-O Bg4 5.Nc3 Nf6 6.d3 h6 7.h3 Bh5 8.d4 b5 9.dxe5 bxc4 10.exf6 Qxf6 11.Qd5 c6 12.Qxc4 Qg6 13.e5 Bxf3 14.g3 d5 15.Qh4 Be7 16.Qf4 Be4 17.Nxe4 dxe4 18.e6 Qxe6 19.Qc7 O-O 20.Qb7 Nd7 21.Be3 Rfb8 22.f3 Rxb7 23.h4 Bc5 24.Bxc5 Nxc5 25.fxe4 Nxe4 26.Rfe1 Qg4 27.Re3 Nxg3 28.Rc3 Ne4+ {White resigned} 0-1

[Event "www.ChessWorld.net server game"]
[Site "www.ChessWorld.net "]
[Date "2007.5.13"]
[Round "NA"]
[White "joselito"]
[Black "knight shade"]
[Result "0-1"]
[Termination "White king mated"]
[WhiteElo "1209"]
[BlackElo "1099"]
[Mode "ICS"]
[DateLastMove "2007.5.15"]
[Board "3707503"]

1.e4 e5 2.Nf3 d6 3.Bc4 c5 4.O-O h6 5.c3 Nf6 6.d4 cxd4 7.cxd4 exd4 8.e5 dxe5 9.Nxe5 Bd6 10.Nxf7 Qe7 11.Nxh8 Be6 12.Re1 Nc6 13.Bxe6 Ne5 14.Qxd4 Qxe6 15.Qh4 Qf5 16.Qg3 O-O-O 17.Qxg7 Neg4 18.f3 Qb5 19.Nf7 Bxh2+ 20.Kh1 Qb4 21.Bd2 Qxb2 22.Bc3 Qf2 23.Nd2 Ne3 24.Nxd8 Nh5 25.Qg6 Ng3+ 26.Kxh2 Qxg2+ {White king mated} 0-1

[Event "www.ChessWorld.net server game"]
[Site "www.ChessWorld.net "]
[Date "2007.5.19"]
[Round "NA"]
[White "joselito"]
[Black "bassem medhat"]
[Result "0-1"]
[Termination "White king mated"]
[WhiteElo "1209"]
[BlackElo "1592"]
[Mode "ICS"]
[DateLastMove "2007.6.5"]
[Board "3726308"]

1.e4 e5 2.Nf3 d6 3.Bc4 h6 4.O-O Qf6 5.d3 Be7 6.Nc3 c6 7.Be3 Qg6 8.Qe2 Bh3 9.Ne1 Bg4 10.f3 Bc8 11.f4 f5 12.exf5 Bxf5 13.Ne4 Bxe4 14.dxe4 Qxe4 15.Be6 Na6 16.f5 Bf6 17.Qh5+ Kd8 18.Qe8+ Kxe8 19.Bd2 Nc7 20.Bb3 d5 21.Nf3 Qxf5 22.Bb4 Na6 23.Nh4 Qe4 24.Nf5 Kd7 25.Bc3 Nc5 26.Ng3 Qe3+ 27.Kh1 Nxb3 28.axb3 d4 29.Nf5 Qe4 30.Bd2 Qxc2 31.Bb4 Qxb3 32.Ba3 g6 33.Ng3 Re8 34.Ne2 Rf8 35.Nc1 Qc4 36.Bxf8 Qxf1+ {White king mated} 0-1

[Event "www.ChessWorld.net server game"]
[Site "www.ChessWorld.net "]
[Date "2007.5.19"]
[Round "NA"]
[White "joselito"]
[Black "BlueNick"]
[Result "0-1"]
[Termination "White king mated"]
[WhiteElo "1249"]
[BlackElo "1689"]
[Mode "ICS"]
[DateLastMove "2007.5.21"]
[Board "3726310"]

1.e4 e5 2.Nf3 Nc6 3.Bb5 Nf6 4.Qe2 d6 5.O-O Bd7 6.c3 Be7 7.d4 O-O 8.Nbd2 a6 9.Bd3 Bg4 10.h3 Bh5 11.d5 Na5 12.b4 Nc6 13.dxc6 bxc6 14.Nc4 d5 15.Ncxe5 Qd6 16.Bf4 Bxf3 17.Qxf3 Qe6 18.Ng4 dxe4 19.Qg3 exd3 20.Nh6+ Kh8 21.Ng4 Nxg4 22.hxg4 Bd6 23.Rae1 Bxf4 24.Qxf4 Qd6 25.Qd2 Rfe8 26.c4 Rad8 27.g5 c5 28.bxc5 Qxc5 29.Qf4 Kg8 30.Qh4 Rxe1 31.Rxe1 d2 32.Rd1 Qe7 33.Qf4 Qe1+ 34.Rxe1 dxe1=Q+ 35.Kh2 Re8 36.f3 Qe5 37.Kg3 Qxf4+ 38.Kxf4 Re2 39.g3 Rxa2 40.Ke4 a5 41.c5 Rd2 42.g4 a4 43.Ke5 a3 44.f4 a2 45.f5 a1=Q+ 46.Kf4 Qd4+ 47.Kf3 Rf2+ 48.Kg3 Qf4+ 49.Kh3 Rh2+ {White king mated} 0-1

[Event "www.ChessWorld.net server game"]
[Site "www.ChessWorld.net "]
[Date "2007.5.21"]
[Round "NA"]
[White "joselito"]
[Black "shotduck"]
[Result "0-1"]
[Termination "White king mated"]
[WhiteElo "1250"]
[BlackElo "1314"]
[Mode "ICS"]
[DateLastMove "2007.6.2"]
[Board "3733373"]

1.e4 d5 2.Qe2 d4 3.Nf3 Nc6 4.b3 Nb4 5.d3 f6 6.a3 Nc6 7.c3 Na5 8.Qb2 Be6 9.Nbd2 Nh6 10.b4 Nc6 11.cxd4 Bd7 12.Be2 e6 13.O-O Bd6 14.Nc4 Be7 15.d5 exd5 16.exd5 Ne5 17.Ncxe5 fxe5 18.Qxe5 Rg8 19.Ng5 Ng4 20.Bxg4 Bxg4 21.Nxh7 Rc8 22.Nf6+ gxf6 23.Qf4 c5 24.bxc5 Rxc5 25.Qa4+ b5 26.Qxa7 Rxd5 27.Bf4 Be2 28.Rfe1 Bxd3 29.Bc7 Qd7 30.Qb8+ Kf7 31.Qb6 Rc8 32.Bg3 Rc6 33.Qe3 Re6 34.Qh6 b4 35.axb4 Rd4 36.h3 Qd5 37.Rab1 Bxb4 38.Rxe6 Kxe6 39.Rc1 Be7 40.Rc8 Kd7 41.Qh8 Be4 42.Qe8+ Ke6 43.Rc7 Rd1+ 44.Kh2 Bxg2 45.Qxe7+ Kf5 46.Rd7 Rh1+ {White king mated} 0-1

[Event "www.ChessWorld.net server game"]
[Site "www.ChessWorld.net "]
[Date "2007.5.21"]
[Round "NA"]
[White "joselito"]
[Black "stephenmason11"]
[Result "0-1"]
[Termination "White resigned"]
[WhiteElo "1310"]
[BlackElo "1453"]
[Mode "ICS"]
[DateLastMove "2007.6.17"]
[Board "3733377"]

1.e4 d5 2.d3 dxe4 3.Nc3 Nf6 4.Bg5 exd3 5.Bxd3 Ng4 6.Bc4 Qxd1+ 7.Nxd1 e6 8.Nf3 Bb4+ 9.c3 Bc5 10.O-O Nc6 11.b4 Bd6 12.Bb5 Bd7 13.Ne3 Nge5 14.Bxc6 Bxc6 15.Nxe5 Bxe5 16.Rad1 Bxc3 17.h3 Bxb4 18.Bf4 Rc8 19.Nc4 f6 20.a3 Bc5 21.Rfe1 e5 22.Bh2 O-O 23.Re2 b6 24.Ra2 Kh8 25.a4 a6 26.a5 b5 27.Nb2 e4 28.Bf4 f5 29.h4 Rf6 30.Be5 Rh6 31.Bg3 e3 32.fxe3 Bxe3+ 33.Kh2 f4 34.Be1 f3 35.gxf3 Bxf3 36.Rd3 Bf4+ 37.Bg3 Rxh4+ 38.Kg1 Rh1+ 39.Kf2 Bxg3+ 40.Kxg3 Bc6 41.Na4 bxa4 42.Rad2 Rg1+ 43.Kh2 Rh1+ 44.Kg3 h6 {White resigned} 0-1

[Event "www.ChessWorld.net server game"]
[Site "www.ChessWorld.net "]
[Date "2007.5.21"]
[Round "NA"]
[White "joselito"]
[Black "Mike1972"]
[Result "0-1"]
[Termination "White king mated"]
[WhiteElo "1228"]
[BlackElo "1449"]
[Mode "ICS"]
[DateLastMove "2007.6.5"]
[Board "3733379"]

1.e4 e5 2.Nf3 Nc6 3.Bb5 Nf6 4.c3 b6 5.O-O Bb7 6.d4 exd4 7.Qe2 Be7 8.cxd4 O-O 9.Nc3 a6 10.Bxc6 Bxc6 11.d5 Bb5 12.Nxb5 axb5 13.Qxb5 Nxe4 14.d6 Bxd6 15.Qh5 Ra5 16.Qg4 Re8 17.Bh6 g6 18.Be3 Nf6 19.Bd4 Nxg4 20.a3 Bc5 21.Bxc5 Rxc5 22.h3 Ne5 23.Nxe5 Rexe5 24.b4 Rc3 25.a4 Qf6 26.a5 bxa5 27.bxa5 Qa6 28.Rfd1 Rxa5 29.Rab1 Rb5 30.g3 Rxb1 31.Rxb1 Qd3 32.Rf1 c5 33.Kg2 d5 34.h4 Qd2 35.Kg1 Rc1 36.Rxc1 Qxc1+ 37.Kg2 d4 38.Kh3 d3 39.f4 d2 40.Kg4 d1=Q+ 41.Kg5 Qh5+ 42.Kf6 Qf5+ 43.Ke7 Qe3+ 44.Kd6 Qd4+ 45.Kc6 Qa4+ 46.Kb6 Qe6+ 47.Kb7 Qb5+ 48.Kc7 Qbb6+ {White king mated} 0-1

[Event "www.ChessWorld.net server game"]
[Site "www.ChessWorld.net "]
[Date "2007.5.22"]
[Round "NA"]
[White "joselito"]
[Black "BlueNick"]
[Result "0-1"]
[Termination "White resigned"]
[WhiteElo "1275"]
[BlackElo "1593"]
[Mode "ICS"]
[DateLastMove "2007.6.1"]
[Board "3737027"]

1.e4 e5 2.Nf3 Nc6 3.Bb5 a6 4.Bxc6 bxc6 5.Nxe5 Qg5 6.Ng4 d5 7.h3 dxe4 8.d3 Bxg4 9.Qxg4 Qxc1+ 10.Qd1 Qxd1+ 11.Kxd1 exd3 12.cxd3 Nf6 13.Nc3 Bd6 14.Re1+ Kd7 15.a4 Rhe8 16.Ne4 Nxe4 17.dxe4 Rab8 18.Kc2 Be5 19.Rad1+ Kc8 20.b3 Bd6 21.f3 Bf4 22.Kc3 Be5+ 23.Kc4 Kb7 24.Rd7 Rbd8 25.Rxf7 Rd4+ 26.Kc3 Rd7+ 27.Kc4 Rxf7 28.h4 Rd7 {White resigned} 0-1

[Event "www.ChessWorld.net server game"]
[Site "www.ChessWorld.net "]
[Date "2007.5.29"]
[Round "NA"]
[White "joselito"]
[Black "Caerwyn"]
[Result "0-1"]
[Termination "White king mated"]
[WhiteElo "1365"]
[BlackElo "1557"]
[Mode "ICS"]
[DateLastMove "2007.7.23"]
[Board "3760307"]

1.e4 e5 2.Nf3 Nc6 3.Bb5 a6 4.Bxc6 bxc6 5.Nxe5 Nf6 6.Nc3 Bb7 7.O-O d6 8.Nf3 c5 9.b3 Nxe4 10.Qe2 Qe7 11.Qe3 Nxc3 12.Re1 Nd5 13.a3 Nxe3 14.dxe3 Qf6 15.Bd2 Be7 16.e4 O-O 17.Rad1 Qb2 18.e5 Qxc2 19.exd6 cxd6 20.Rc1 Qxb3 21.Rxe7 Bxf3 22.gxf3 Qxf3 23.Ba5 Qxa3 24.Bd2 Qb2 25.Rd7 Qxd2 26.Rf1 c4 27.Re7 c3 28.f4 c2 29.h4 c1=Q 30.Rxc1 Qxc1+ 31.Kg2 Qxf4 32.h5 Qg5+ 33.Kf3 Qxe7 34.h6 Qf6+ 35.Kg4 Rfe8 36.Kh5 Re5+ 37.Kg4 Qf5+ 38.Kg3 Re3+ 39.Kh4 Rh3+ {White king mated} 0-1

[Event "www.ChessWorld.net server game"]
[Site "www.ChessWorld.net "]
[Date "2007.5.29"]
[Round "NA"]
[White "joselito"]
[Black "jingram"]
[Result "0-1"]
[Termination "White king mated"]
[WhiteElo "1211"]
[BlackElo "1405"]
[Mode "ICS"]
[DateLastMove "2007.6.10"]
[Board "3760311"]

1.e4 c5 2.Bc4 Nc6 3.Nf3 e5 4.O-O Nf6 5.c3 d5 6.exd5 Nxd5 7.d4 cxd4 8.Bxd5 Qxd5 9.Bg5 h6 10.Bh4 Bg4 11.Nbd2 Be7 12.Bxe7 Nxe7 13.h3 Bxf3 14.Nxf3 Nc6 15.cxd4 Nxd4 16.Qa4+ b5 17.Qd1 O-O 18.Rc1 Rfe8 19.Nxd4 exd4 20.a3 d3 21.Rc7 Re6 22.Qf3 Qxf3 23.gxf3 d2 24.Rb7 Re1 25.Rxe1 dxe1=Q+ 26.Kg2 Qe5 27.b4 Qg5+ 28.Kf1 Rc8 29.Rxa7 Rc1+ 30.Ke2 Qe5+ 31.Kd3 Rd1+ 32.Kc2 Qe2+ 33.Kc3 Qd3+ 34.Kb2 Rd2+ 35.Ka1 Qc3+ 36.Kb1 Qb2+ {White king mated} 0-1

[Event "www.ChessWorld.net server game"]
[Site "www.ChessWorld.net "]
[Date "2007.5.29"]
[Round "NA"]
[White "joselito"]
[Black "jokati"]
[Result "0-1"]
[Termination "White resigned"]
[WhiteElo "1257"]
[BlackElo "1728"]
[Mode "ICS"]
[DateLastMove "2007.6.6"]
[Board "3760339"]

1.e4 e5 2.Nf3 Qf6 3.Bc4 Bc5 4.O-O Ne7 5.c3 O-O 6.Qe2 c6 7.d3 h6 8.Be3 Bxe3 9.fxe3 b5 10.d4 bxc4 11.Qxc4 Ba6 12.Qc5 Bxf1 13.Kxf1 exd4 14.exd4 a5 15.e5 Qe6 16.Nbd2 Nd5 17.Ne4 Ne3+ 18.Kg1 a4 19.a3 Na6 20.Qb6 Rfb8 21.Nc5 Qd5 22.Qxb8+ Nxb8 23.h3 Na6 24.Nxa4 Qb3 25.Nc5 Nxc5 26.dxc5 Qxb2 {White resigned} 0-1

[Event "www.ChessWorld.net server game"]
[Site "www.ChessWorld.net "]
[Date "2007.5.29"]
[Round "NA"]
[White "joselito"]
[Black "marysson"]
[Result "0-1"]
[Termination "White resigned"]
[WhiteElo "1295"]
[BlackElo "869"]
[Mode "ICS"]
[DateLastMove "2007.5.31"]
[Board "3760378"]

1.e4 d5 2.Nc3 d4 3.Nd5 c5 4.Nf3 e6 5.Nf4 Bd6 6.Nd3 Nc6 7.Nde5 Nxe5 8.Nxe5 Bxe5 9.Bb5+ Bd7 10.Bxd7+ Qxd7 11.O-O Nf6 12.Qe2 Qc6 13.d3 b5 14.Bg5 c4 15.dxc4 Qxc4 16.Qxc4 bxc4 17.f3 d3 18.cxd3 c3 19.bxc3 Bxc3 20.Rac1 Bd4+ 21.Kh1 O-O 22.Rc7 Rfc8 23.Bf4 e5 24.Rxc8+ Rxc8 25.Bd2 Rc2 26.Rb1 h6 27.Rb8+ Kh7 28.h4 Rxd2 29.Rb7 Rxa2 30.Rxf7 a5 31.Kh2 Rd2 32.Kh3 Rxd3 33.Kg3 a4 34.Rb7 a3 35.h5 Nxh5+ 36.Kh4 a2 37.Kxh5 a1=Q 38.Kg4 Qg1 39.Kf5 Qxg2 40.Ke6 Qxf3 41.Rf7 Qg4+ 42.Ke7 Bc5+ 43.Ke8 Qe6+ {White resigned} 0-1

[Event "www.ChessWorld.net server game"]
[Site "www.ChessWorld.net "]
[Date "2007.6.2"]
[Round "NA"]
[White "joselito"]
[Black "_SQUIRE_"]
[Result "0-1"]
[Termination "White king mated"]
[WhiteElo "1232"]
[BlackElo "1295"]
[Mode "ICS"]
[DateLastMove "2007.6.9"]
[Board "3777790"]

1.f4 Nc6 2.e4 e5 3.Nf3 d6 4.Bc4 Nf6 5.O-O d5 6.Bb3 Bc5+ 7.Kh1 O-O 8.Nxe5 Nxe5 9.fxe5 Ng4 10.d4 Bb6 11.Qe2 Bxd4 12.h3 Nxe5 13.Qh5 dxe4 14.Bxf7+ Nxf7 15.Nd2 Nd6 16.Qe2 Bf5 17.c3 Bb6 18.b3 e3 19.Nf3 Ne4 20.Bxe3 Ng3+ 21.Kh2 Nxe2 22.Bxb6 axb6 23.c4 Bd3 24.Rfd1 Nc3 25.Re1 Be4 26.Rac1 Bxf3 27.gxf3 Nxa2 28.Rcd1 Qh4 29.Re4 Qf2+ 30.Kh1 Qxf3+ 31.Kg1 Qxd1+ 32.Kg2 Qc2+ 33.Kg3 Qxe4 34.c5 Rf3+ 35.Kg2 Qe2+ 36.Kg1 Rf1+ {White king mated} 0-1